La educación musical de los niños /

Guardado en:
Autor Principal: Greppi, Clemente B.
Formato: Libro
Publicado: Argentina : Cabaut, 1922
Materias:
Etiquetas: Agregar Etiqueta
Sin Etiquetas, Sea el primero en etiquetar este registro!
LEADER 00493nam a22001695a 4500
001 CEM.cems003028
005 19000101000000.0
008 130507s1922##################000#0#####d
003 CEMS
082 0 4 |a 372.878 
100 1 |a Greppi, Clemente B. 
245 1 0 |a La educación musical de los niños /  |c Clemente B. Greppi 
260 |a Argentina :  |b Cabaut,  |c 1922 
300 |a 207 p. 
653 |a Didactica de la musica 
653 |a Educacion 
859 |a CEMS  |b BIB. CEMS - 11 de abril  |h 372.878  |i G866  |p 5152.76  |t Ej.1